000 00564nam a2200181Ia 4500
008 151018s9999 xx 000 0 und d
082 _bRBASDV8124
_a891.463
100 _aमनोहर माळगांवकर
245 _aअंधातरी
250 _b1
260 _bकेशरी प्रकाशन
_c1973
300 _a324
600 _aमनोहर माळगांवकर
630 _aअंधातरी
700 _aमनोहर माळगांवकर
730 _aअंधातरी
942 _cBOOK
999 _c1010489
_d1010486